000 00690aam a2200265 4500
005 20250729140112.0
008 150223b1998 xxu||||| |||| 00| 0 eng d
020 _a9977945829
041 _aESP
082 _a332.642 C8374L
100 _aCosta Rica. Leyes, decretos, etc
245 _aLey reguladora del mercado de valores reformas al codigo de comercio
250 _a2 ed.
260 _aCR
260 _bEditec Editores
260 _c1998
300 _a132
490 _aDirección y Administración de Empresas
650 _aCOSTA RICA
650 _aMERCADO DE VALORES
650 _aBOLSA DE VALORES
650 _aCOMERCIO
650 _aLEGISLACIÓN
942 _cBK
_2ddc
999 _c847
_d847